A Brief Introduction Sociology (Record no. 236)

000 -LEADER
fixed length control field 00262 a2200097 4500
082 ## - DEWEY DECIMAL CLASSIFICATION NUMBER
Classification number 301 THI
100 ## - MAIN ENTRY--PERSONAL NAME
Personal name Thio, Alex
245 ## - TITLE STATEMENT
Title A Brief Introduction Sociology
Statement of responsibility, etc. Alex Thio
260 ## - PUBLICATION, DISTRIBUTION, ETC.
Place of publication, distribution, etc. Isamabad :
Name of publisher, distributor, etc. National Book Foundation,
300 ## - PHYSICAL DESCRIPTION
Extent xiii, 443p. :
Other physical details ill ., ;
Dimensions 27 cm
650 ## - SUBJECT ADDED ENTRY--TOPICAL TERM
Topical term or geographic name entry element sociology
Holdings
Withdrawn status Lost status Damaged status Not for loan Permanent Location Current Location Shelving location Date acquired Total Checkouts Full call number Barcode Date last seen Price effective from Koha item type
        School of Civil and Environmental Engineering (SCEE) School of Civil and Environmental Engineering (SCEE)       301 THI NIT-3787 01/05/2017 01/05/2017 Book
        School of Civil and Environmental Engineering (SCEE) School of Civil and Environmental Engineering (SCEE)         NIT-3786 03/16/2017 01/05/2017 Book
© 2023 Central Library, National University of Sciences and Technology. All Rights Reserved.